[Event "Anderson mem."]
[Site "Toronto CAN"]
[Date "2002.09.30"]
[Round "2"]
[White "Lucki, Arnie"]
[Black "Manalo, Pepin"]
[Result "1-0"]
[WhiteElo "1916"]
[BlackElo "1836"]
[PlyCount "55"]
[EventDate "2002.09.23"]
[EventType "tourn"]
[EventRounds "9"]
[EventCountry "CAN"]

1. f4 d5 2. Nf3 Nc6 3. b3 Nf6 4. Bb2 e6 5. e3 Bd7 6. Bb5 a6 7. Bxc6 Bxc6 8. Ne5
Bd6 9. O-O Bd7 10. Qf3 Qe7 11. d3 O-O-O 12. c4 Rdg8 13. Nd2 h5 14. d4 Bb4 15.
Qe2 Bxd2 16. Qxd2 Ne4 17. Qc2 Be8 18. Rac1 f6 19. cxd5 exd5 20. Ba3 Nd6 21. Qc5
Kb8 22. Qxd5 Qd8 23. Rxc7 Kxc7 24. Rc1+ Kb8 25. Bxd6+ Ka8 26. Rc7 Qxc7 27. Bxc7
fxe5 28. Qd8+ 1-0

[Event "Anderson mem."]
[Site "Toronto CAN"]
[Date "2002.09.30"]
[Round "2"]
[White "Shah, Omar"]
[Black "Sherman, Robert"]
[Result "1-0"]
[WhiteElo "1989"]
[BlackElo "1922"]
[PlyCount "55"]
[EventDate "2002.09.23"]
[EventType "tourn"]
[EventRounds "9"]
[EventCountry "CAN"]

1. e4 c5 2. Nf3 d6 3. d4 cxd4 4. Nxd4 Nf6 5. Nc3 g6 6. Be3 Bg7 7. f3 O-O 8. Qd2
Nc6 9. O-O-O Bd7 10. Kb1 Ne5 11. h4 Re8 12. Bh6 Bh8 13. g4 Rc8 14. h5 Nxf3 15.
Nxf3 Bxg4 16. hxg6 hxg6 17. Ng5 Bxd1 18. Nxd1 Qb6 19. Qh2 Qd4 20. Bb5 Red8 21.
Bf8 Nh5 22. Bxe7 Be5 23. Qf2 Qxf2 24. Nxf2 Rc5 25. Bxd8 Rxb5 26. Nd3 Bg7 27. c4
Ng3 28. Re1 1-0

[Event "Anderson mem."]
[Site "Toronto CAN"]
[Date "2002.09.30"]
[Round "2"]
[White "Siddeley, Hugh"]
[Black "Benson, Chris"]
[Result "1/2-1/2"]
[WhiteElo "2027"]
[BlackElo "2054"]
[PlyCount "108"]
[EventDate "2002.09.23"]
[EventType "tourn"]
[EventRounds "9"]
[EventCountry "CAN"]

1. e4 e6 2. d4 d5 3. Nc3 Nf6 4. e5 Nfd7 5. Nce2 c5 6. f4 cxd4 7. Nxd4 Nc6 8.
Ngf3 Nxd4 9. Nxd4 Qb6 10. c3 Nb8 11. a3 Nc6 12. b4 Nxd4 13. cxd4 Bd7 14. Qd3
Be7 15. Bd2 O-O 16. g3 a6 17. Bh3 Rfc8 18. Kf2 Rc4 19. Be3 Rac8 20. Rhc1 Bb5
21. Qd2 Ba4 22. Rxc4 Rxc4 23. Rc1 Qc6 24. f5 exf5 25. Bxf5 a5 26. Rxc4 Qxc4 27.
bxa5 Bxa3 28. Bd3 Qc6 29. Kg2 Bb5 30. Bb1 Qc4 31. Qf2 Bb4 32. Ba2 Qc6 33. Bd2
Be7 34. Qe3 Bc4 35. Bb1 Qb5 36. Qe1 Bd3 37. Bxd3 Qxd3 38. Bc3 Qc2+ 39. Qd2 Qe4+
40. Kh3 h6 41. Qf4 Qd3 42. Qd2 Qf5+ 43. Kg2 Bg5 44. Qe2 Qb1 45. h4 Bd8 46. Qf3
Qc2+ 47. Kh3 Qg6 48. Bb4 Qe6+ 49. Kh2 f6 50. exf6 Bxf6 51. Bc5 Be7 52. Bxe7
Qxe7 53. Qxd5+ Kh8 54. Qe5 Qf7 1/2-1/2

[Event "Anderson mem."]
[Site "Toronto CAN"]
[Date "2002.10.07"]
[Round "3"]
[White "Benson, Chris"]
[Black "Blakely, Matt"]
[Result "1/2-1/2"]
[WhiteElo "2054"]
[BlackElo "2002"]
[PlyCount "95"]
[EventDate "2002.09.23"]
[EventType "tourn"]
[EventRounds "9"]
[EventCountry "CAN"]

1. e4 c5 2. c3 Nf6 3. e5 Nd5 4. d4 cxd4 5. Nf3 Nc6 6. Bc4 Nb6 7. Bb3 d5 8. exd6
Qxd6 9. O-O Be6 10. Na3 Bxb3 11. Qxb3 e6 12. Nb5 Qd8 13. Nbxd4 Nxd4 14. Nxd4
Be7 15. Bf4 O-O 16. Rad1 Qd5 17. Qxd5 Nxd5 18. Bg3 Rfd8 19. c4 Nf6 20. Nb5 Ne4
21. Bf4 a6 22. Nd4 Bf6 23. Be3 Rac8 24. f3 Rxc4 25. Nb3 Ng5 26. Rxd8+ Bxd8 27.
Rd1 Bf6 28. Rd7 h6 29. Rxb7 Ra4 30. Nc5 Rxa2 31. h4 Nxf3+ 32. gxf3 Rxb2 33.
Rxb2 Bxb2 34. Nxa6 Kh7 35. Kg2 Kg6 36. Nc5 Kh5 37. Kh3 g5 38. hxg5 hxg5 39. Ne4
f6 40. Nc5 f5 41. Kg2 f4 42. Bd2 g4 43. Nxe6 gxf3+ 44. Kxf3 Kg6 45. Nxf4+ Kf5
46. Nd3 Ba3 47. Bc3 Bd6 48. Bd4 1/2-1/2

[Event "Anderson mem."]
[Site "Toronto CAN"]
[Date "2002.10.07"]
[Round "3"]
[White "Chuprys, Viktar"]
[Black "Lucki, Arnie"]
[Result "0-1"]
[WhiteElo "1878"]
[BlackElo "1916"]
[PlyCount "66"]
[EventDate "2002.09.23"]
[EventType "tourn"]
[EventRounds "9"]
[EventCountry "CAN"]

1. e4 c6 2. d4 d5 3. e5 Bf5 4. Ne2 e6 5. Ng3 Bg6 6. h4 h6 7. h5 Bh7 8. Bd3 Bxd3
9. cxd3 c5 10. dxc5 d4 11. O-O Nc6 12. f4 Bxc5 13. Ne4 Qd5 14. Qg4 Bf8 15. Nbd2
O-O-O 16. Nc4 f5 17. Ned6+ Rxd6 18. Nxd6+ Qxd6 19. Qg6 Qd7 20. a3 Nge7 21. Qg3
Nd5 22. Bd2 Bc5 23. b4 Bb6 24. Rfc1 Kb8 25. Qe1 Rg8 26. b5 Nce7 27. a4 g5 28.
fxg5 Ne3 29. g6 Nxg6 30. hxg6 Rxg6 31. Bxe3 dxe3 32. Qe2 Qd4 33. Rc4 Qxa1+ 0-1

[Event "Anderson mem."]
[Site "Toronto CAN"]
[Date "2002.10.07"]
[Round "3"]
[White "Sherman, Robert"]
[Black "Manalo, Pepin"]
[Result "1-0"]
[WhiteElo "1922"]
[BlackElo "1869"]
[PlyCount "99"]
[EventDate "2002.09.23"]
[EventType "tourn"]
[EventRounds "9"]
[EventCountry "CAN"]

1. e4 e6 2. d4 d5 3. Nc3 Nf6 4. Bg5 Be7 5. e5 Nfd7 6. h4 c5 7. Bxe7 Qxe7 8. Nb5
cxd4 9. Nc7+ Kf8 10. Qd2 Nc6 11. Nxa8 Ndxe5 12. O-O-O b6 13. Bb5 Bb7 14. Nxb6
axb6 15. Ne2 d3 16. Bxd3 Qc5 17. Nc3 Qa5 18. a3 h6 19. Qf4 Ke7 20. Bb5 Rc8 21.
Rhe1 f6 22. Qg3 Kf7 23. f4 Ng6 24. Bd3 f5 25. h5 Nf8 26. Qh3 Ba6 27. Bxf5 exf5
28. Qxf5+ Kg8 29. Rxd5 b5 30. Rxb5 Qc7 31. Rc5 Qb6 32. Qd5+ Kh8 33. Qd6 Bb7 34.
Rb5 Qf2 35. Rd1 Ba8 36. Rf5 Nh7 37. Qe6 Rb8 38. Rb5 Qxf4+ 39. Kb1 Rf8 40. Rb6
Nd4 41. Qg6 Qe3 42. Rd6 Ne2 43. Rd8 Nxc3+ 44. bxc3 Qe7 45. R1d7 Qf6 46. Qxf6
gxf6 47. Rxh7+ Kxh7 48. Rxf8 Bxg2 49. Rxf6 Bd5 50. a4 1-0

[Event "Anderson mem."]
[Site "Toronto CAN"]
[Date "2002.10.07"]
[Round "3"]
[White "Takov, Chris"]
[Black "Siddeley, Hugh"]
[Result "0-1"]
[WhiteElo "1863"]
[BlackElo "2027"]
[PlyCount "48"]
[EventDate "2002.09.23"]
[EventType "tourn"]
[EventRounds "9"]
[EventCountry "CAN"]

1. c4 Nf6 2. Nc3 Nc6 3. Nf3 e5 4. g3 Bb4 5. Bg2 O-O 6. O-O Re8 7. Rb1 h6 8. e3
Bxc3 9. bxc3 e4 10. Nd4 Ne5 11. Qb3 c5 12. Nb5 d6 13. f3 exf3 14. Bxf3 Nxf3+
15. Rxf3 Bh3 16. d3 Qd7 17. e4 Qg4 18. Rf2 Nxe4 19. Be3 Nxf2 20. Kxf2 Rxe3 21.
Kxe3 Re8+ 22. Kd2 Re2+ 23. Kd1 Rxh2+ 24. Kc1 Qg5+ 0-1

[Event "Anderson mem."]
[Site "Toronto CAN"]
[Date "2002.10.07"]
[Round "3"]
[White "Veltmann, Martin"]
[Black "Shah, Omar"]
[Result "1/2-1/2"]
[WhiteElo "2083"]
[BlackElo "1989"]
[PlyCount "52"]
[EventDate "2002.09.23"]
[EventType "tourn"]
[EventRounds "9"]
[EventCountry "CAN"]

1. c4 Nf6 2. Nc3 c5 3. Nf3 b6 4. g3 Bb7 5. Bg2 e6 6. O-O Be7 7. d4 cxd4 8. Qxd4
d6 9. b3 Nbd7 10. Bb2 a6 11. Rad1 Qc7 12. Rfe1 O-O 13. Qf4 Rac8 14. e4 Qb8 15.
Qe3 Qa8 16. Nd4 Rfe8 17. f4 g6 18. h3 e5 19. Nf3 d5 20. fxe5 Bc5 21. Nd4 Rxe5
22. cxd5 Nxd5 23. Nxd5 Bxd5 24. Kh2 Rce8 25. Qh6 Bf8 26. Qd2 Bxe4 1/2-1/2

[Event "Anderson mem."]
[Site "Toronto CAN"]
[Date "2002.10.21"]
[Round "4"]
[White "Blakely, Matt"]
[Black "Takov, Chris"]
[Result "1-0"]
[WhiteElo "2002"]
[BlackElo "1863"]
[PlyCount "89"]
[EventDate "2002.09.23"]
[EventType "tourn"]
[EventRounds "9"]
[EventCountry "CAN"]

1. d4 Nf6 2. c4 g6 3. Nf3 Bg7 4. g3 O-O 5. Bg2 d6 6. O-O Nh5 7. e4 Nc6 8. Nc3
e5 9. d5 Ne7 10. b4 f5 11. Ng5 Nf6 12. Qb3 h6 13. Ne6 Bxe6 14. dxe6 fxe4 15. b5
Qc8 16. Nd5 Nf5 17. Rd1 Re8 18. Nxf6+ Bxf6 19. Bxe4 Nd4 20. Qd3 g5 21. Bb2 Nxe6
22. Qf3 Kg7 23. Bxb7 Qd8 24. Bxa8 Qxa8 25. Qxa8 Rxa8 26. Kg2 Kg6 27. Rac1 h5
28. Bc3 Kf5 29. Bb4 Rd8 30. Rc3 Nd4 31. Rd2 g4 32. Ra3 Ra8 33. Ra6 Ke6 34. h3
e4 35. hxg4 hxg4 36. Rd1 Nc2 37. Bxd6 Bd4 38. Bxc7+ Kf5 39. Rh1 e3 40. f3 gxf3+
41. Kxf3 Bf6 42. g4+ Kg5 43. Bf4+ Kg6 44. Be5 Rf8 45. Rxf6+ 1-0

[Event "Anderson mem."]
[Site "Toronto CAN"]
[Date "2002.10.21"]
[Round "4"]
[White "Lucki, Arnie"]
[Black "Sherman, Robert"]
[Result "1-0"]
[WhiteElo "1916"]
[BlackElo "1922"]
[PlyCount "97"]
[EventDate "2002.09.23"]
[EventType "tourn"]
[EventRounds "9"]
[EventCountry "CAN"]

1. c4 Nf6 2. Nc3 g6 3. g3 Bg7 4. Bg2 O-O 5. Nf3 d6 6. O-O e5 7. d3 Nc6 8. Rb1
Ne7 9. b4 Nd7 10. a4 h6 11. Qb3 Kh7 12. e4 f5 13. exf5 gxf5 14. Be3 f4 15. Bd2
Nf5 16. gxf4 Nh4 17. Nxh4 Qxh4 18. Be4+ Kh8 19. f5 Nf6 20. f3 Nh5 21. Rf2 Bxf5
22. Bxb7 Rab8 23. Be4 Bh3 24. Ne2 Rg8 25. Be3 Bf6+ 26. Kh1 Bg5 27. Bxa7 Rb6 28.
Bxb6 cxb6 29. Rff1 Be3 30. f4 Bg2+ 31. Bxg2 exf4 32. Qc3+ Rg7 33. Rf3 Qg4 34.
Ng3 Nxg3+ 35. Rxg3 fxg3 36. Rf1 Bf2 37. Qf6 Qh5 38. h3 Qe2 39. Qxh6+ Kg8 40.
Bd5+ Rf7 41. Qg6+ Kh8 42. Bg2 Qe7 43. Be4 Qh4 44. Kg2 Rf6 45. Qe8+ Kg7 46. Qe7+
Kh8 47. a5 bxa5 48. bxa5 Qf4 49. Qh7# 1-0

[Event "Anderson mem."]
[Site "Toronto CAN"]
[Date "2002.10.21"]
[Round "4"]
[White "Manalo, Pepin"]
[Black "Veltmann, Martin"]
[Result "0-1"]
[WhiteElo "1869"]
[BlackElo "2083"]
[PlyCount "80"]
[EventDate "2002.09.23"]
[EventType "tourn"]
[EventRounds "9"]
[EventCountry "CAN"]

1. e4 c5 2. Nf3 d6 3. c4 Bg4 4. Be2 Nc6 5. Qa4 g6 6. Nc3 Bg7 7. h3 Bd7 8. Qd1
Nf6 9. d4 cxd4 10. Nxd4 O-O 11. Be3 a6 12. Qd2 Rc8 13. Rc1 Nxd4 14. Bxd4 Qa5
15. O-O Nxe4 16. Qe3 Nxc3 17. Qxc3 Qxc3 18. Bxc3 Bxc3 19. Rxc3 Be6 20. Rfc1 Rc7
21. b4 Rfc8 22. a3 Kg7 23. a4 b6 24. f4 a5 25. b5 Rc5 26. Kf2 d5 27. Ke3 dxc4
28. Kd4 Kf6 29. g4 h6 30. h4 R8c7 31. Ke4 Bd5+ 32. Kd4 e6 33. g5+ hxg5 34.
fxg5+ Kg7 35. Rf1 Rc8 36. Rf2 Rh8 37. Rh2 f5 38. Bxc4 Rhc8 39. Rhc2 e5+ 40.
Kxe5 Rxc4 0-1

[Event "Anderson mem."]
[Site "Toronto CAN"]
[Date "2002.10.21"]
[Round "4"]
[White "Shah, Omar"]
[Black "Benson, Chris"]
[Result "0-1"]
[WhiteElo "1989"]
[BlackElo "2054"]
[PlyCount "86"]
[EventDate "2002.09.23"]
[EventType "tourn"]
[EventRounds "9"]
[EventCountry "CAN"]

1. e4 e6 2. d4 d5 3. Nc3 Nf6 4. Bg5 Be7 5. e5 Nfd7 6. Bxe7 Qxe7 7. h4 a6 8. Qg4
Kf8 9. O-O-O c5 10. f4 cxd4 11. Rxd4 Nc6 12. Rd2 b5 13. Nf3 Nc5 14. a3 Rb8 15.
h5 h6 16. Nd4 Bd7 17. b4 Nb7 18. Nxc6 Bxc6 19. Rh3 a5 20. Rg3 f5 21. exf6 Qxf6
22. f5 Nd6 23. Qf4 e5 24. Qf2 d4 25. Rg6 Qe7 26. f6 gxf6 27. Rxf6+ Ke8 28. Bd3
axb4 29. Bg6+ Kd7 30. Bf5+ Kc7 31. Re6 Qf7 32. Rxd6 Kxd6 33. Rxd4+ Kc7 34. Rxb4
Rhf8 35. Qa7+ Rb7 36. Qa5+ Kb8 37. g4 Qc7 38. Qxc7+ Kxc7 39. Ne4 Bxe4 40. Rxe4
Kd6 41. Kb2 Kd5 42. Rb4 Kc5 43. a4 Kxb4 0-1

[Event "Anderson mem."]
[Site "Toronto CAN"]
[Date "2002.10.21"]
[Round "4"]
[White "Siddeley, Hugh"]
[Black "Chuprys, Viktar"]
[Result "0-1"]
[WhiteElo "2027"]
[BlackElo "1878"]
[PlyCount "108"]
[EventDate "2002.09.23"]
[EventType "tourn"]
[EventRounds "9"]
[EventCountry "CAN"]

1. e4 e5 2. Nf3 Nf6 3. Nxe5 d6 4. Nf3 Nxe4 5. Bd3 Nf6 6. h3 Be7 7. O-O O-O 8.
c4 d5 9. Nc3 d4 10. Ne4 Nh5 11. Re1 Nf4 12. Bf1 f5 13. Ng3 d3 14. Ne5 Bd6 15.
Nh5 Qg5 16. Nxf4 Qxf4 17. g3 Qd4 18. Nf3 Qc5 19. Re3 f4 20. b4 Qh5 21. Rxd3
fxg3 22. fxg3 Bxh3 23. Bxh3 Qxh3 24. Ng5 Qf5 25. Rf3 Qxg5 26. d4 Qg6 27. Rxf8+
Kxf8 28. Qf3+ Qf6 29. Qg4 Nc6 30. Bb2 Qg6 31. Qxg6 hxg6 32. b5 Na5 33. Rc1 Bxg3
34. Ba3+ Kg8 35. Bb4 b6 36. c5 Rd8 37. Rc3 Be1 38. Bxa5 bxa5 39. Rd3 Bb4 40. b6
axb6 41. cxb6 cxb6 42. d5 Rd6 43. Kg2 Kf7 44. Kf3 Kf6 45. Ke4 g5 46. a3 Bc5 47.
Rf3+ Kg6 48. a4 Kh5 49. Rf7 g6 50. Rh7+ Kg4 51. Rh2 Kg3 52. Rc2 g4 53. Ke5 Rd8
54. Rc3+ Kh4 0-1

[Event "Anderson mem."]
[Site "Toronto CAN"]
[Date "2002.10.28"]
[Round "5"]
[White "Benson, Chris"]
[Black "Manalo, Pepin"]
[Result "0-1"]
[WhiteElo "2054"]
[BlackElo "1869"]
[PlyCount "78"]
[EventDate "2002.09.23"]
[EventType "tourn"]
[EventRounds "9"]
[EventCountry "CAN"]

1. e4 d6 2. d4 g6 3. Nc3 Bg7 4. Nf3 Nd7 5. Be2 Ngf6 6. O-O e5 7. dxe5 dxe5 8.
h3 h6 9. Bc4 c6 10. a4 Qe7 11. Be3 O-O 12. Qd2 Kh7 13. Rad1 Nc5 14. Bd3 Bd7 15.
Rfe1 Nxd3 16. Qxd3 Rad8 17. Qc4 b6 18. a5 c5 19. axb6 axb6 20. Ra1 Bc6 21. Ra6
Qc7 22. b4 Bb7 23. Ra7 Qb8 24. Rea1 cxb4 25. Qxb4 Nd7 26. Qb5 f5 27. R1a4 Rf6
28. Nd5 Rd6 29. Nc3 Bc6 30. Qa6 Bxa4 31. Nxa4 f4 32. Rb7 Qc8 33. Bxb6 Qxc2 34.
Qa7 Rd1+ 35. Kh2 Qc1 36. Ne1 Rxe1 37. g4 fxg3+ 38. Kxg3 Qg5+ 39. Kf3 Rf8# 0-1

[Event "Anderson mem."]
[Site "Toronto CAN"]
[Date "2002.10.28"]
[Round "5"]
[White "Chuprys, Viktar"]
[Black "Blakely, Matt"]
[Result "0-1"]
[WhiteElo "1878"]
[BlackElo "2002"]
[PlyCount "48"]
[EventDate "2002.09.23"]
[EventType "tourn"]
[EventRounds "9"]
[EventCountry "CAN"]

1. e4 c5 2. Nf3 d6 3. d4 cxd4 4. Nxd4 Nf6 5. Nc3 a6 6. Rg1 e5 7. Nb3 Be6 8. g4
h6 9. h4 Nc6 10. g5 hxg5 11. hxg5 Nd7 12. Be3 Rc8 13. Nd5 Bxd5 14. exd5 Ne7 15.
Qd2 g6 16. O-O-O Nf5 17. Bd3 Nxe3 18. Qxe3 Be7 19. Kb1 Rh5 20. f4 exf4 21. Qxf4
Ne5 22. Rdf1 Bxg5 23. Qf2 Kd7 24. Re1 Bh4 0-1

[Event "Anderson mem."]
[Site "Toronto CAN"]
[Date "2002.10.28"]
[Round "5"]
[White "Siddeley, Hugh"]
[Black "Lucki, Arnie"]
[Result "1-0"]
[WhiteElo "2027"]
[BlackElo "1916"]
[PlyCount "61"]
[EventDate "2002.09.23"]
[EventType "tourn"]
[EventRounds "9"]
[EventCountry "CAN"]

1. e4 Nf6 2. e5 Nd5 3. c4 Nb6 4. c5 Nd5 5. Bc4 c6 6. Nc3 e6 7. Ne4 f5 8. Nd6+
Bxd6 9. cxd6 O-O 10. Nf3 b5 11. Bb3 a5 12. d4 Ba6 13. Bg5 Qe8 14. Bxd5 cxd5 15.
O-O Nc6 16. Rc1 Qh5 17. h4 Rac8 18. Rc5 Rfe8 19. Qd2 h6 20. Bf4 Kf7 21. Rfc1 b4
22. Qd1 Qg4 23. g3 Nxd4 24. Qxd4 Qxf3 25. Rc7 Rxc7 26. Rxc7 Bd3 27. Rxd7+ Kg8
28. Qa7 Qg4 29. Bg5 f4 30. Rxg7+ Kh8 31. Bf6 1-0

[Event "Anderson mem."]
[Site "Toronto CAN"]
[Date "2002.10.28"]
[Round "5"]
[White "Takov, Chris"]
[Black "Shah, Omar"]
[Result "0-1"]
[WhiteElo "1863"]
[BlackElo "1989"]
[PlyCount "108"]
[EventDate "2002.09.23"]
[EventType "tourn"]
[EventRounds "9"]
[EventCountry "CAN"]

1. d4 e6 2. c4 b6 3. a3 Bb7 4. Nf3 Nf6 5. Nc3 Be7 6. Bg5 O-O 7. e3 d6 8. Qc2
Nbd7 9. Bd3 Rc8 10. Rc1 c5 11. d5 exd5 12. cxd5 c4 13. Bxf6 cxd3 14. Bxe7 dxc2
15. Bxd8 Rfxd8 16. e4 Nc5 17. O-O Ba6 18. Nd4 Bxf1 19. Kxf1 Re8 20. f3 Nd3 21.
Rxc2 Nxb2 22. Nc6 Nc4 23. Rc1 a6 24. a4 Ne5 25. Ne2 Kf8 26. Ned4 g6 27. Rb1 Nd7
28. Ke2 Kg7 29. g4 h5 30. gxh5 Rh8 31. hxg6 Rxh2+ 32. Ke3 fxg6 33. Ne6+ Kf6 34.
Ned8 Rc2 35. Kd3 Ra2 36. a5 Nc5+ 37. Ke3 b5 38. Rh1 b4 39. Rh7 b3 40. f4 Rxd8
41. Nxd8 g5 42. Rf7+ Kg6 43. f5+ Kh5 44. Kf3 g4+ 45. Kg3 Nxe4+ 46. Kf4 Ng5 47.
Rf8 Rf2+ 48. Ke3 Rf3+ 49. Ke2 g3 50. Ne6 b2 51. Nxg5 Rf2+ 52. Ke3 b1=Q 53. Ne4
Qc1+ 54. Kd3 Rf3+ 0-1

[Event "Anderson mem."]
[Site "Toronto CAN"]
[Date "2002.10.28"]
[Round "5"]
[White "Veltmann, Martin"]
[Black "Sherman, Robert"]
[Result "0-1"]
[WhiteElo "2083"]
[BlackElo "1922"]
[PlyCount "78"]
[EventDate "2002.09.23"]
[EventType "tourn"]
[EventRounds "9"]
[EventCountry "CAN"]

1. c4 Nf6 2. Nc3 g6 3. e4 d6 4. d4 Bg7 5. Nf3 O-O 6. Be2 e5 7. O-O Nc6 8. d5
Ne7 9. Ne1 Nd7 10. Nd3 f5 11. f3 f4 12. Bd2 g5 13. Rc1 Ng6 14. b4 Nf6 15. c5 h5
16. h3 g4 17. fxg4 hxg4 18. hxg4 Ne8 19. Nf2 Bf6 20. cxd6 cxd6 21. a4 Bh4 22.
Bf3 Bg3 23. Be1 Qh4 24. Nh3 Nf6 25. Bxg3 fxg3 26. Ne2 Nxg4 27. Rc3 Nf2 28. Rxf2
Bxh3 29. gxh3 gxf2+ 30. Kg2 Rf7 31. Qf1 Raf8 32. Bg4 Qg5 33. Rg3 Nf4+ 34. Kh2
Qh4 35. Be6+ Kh8 36. Bxf7 Nxe2 37. Rg4 Qf6 38. Bg6 Nd4 39. Rg2 Nf3+ 0-1

[Event "Anderson mem."]
[Site "Toronto CAN"]
[Date "2002.11.06"]
[Round "6"]
[White "Blakely, Matt"]
[Black "Siddeley, Hugh"]
[Result "1-0"]
[WhiteElo "2002"]
[BlackElo "2027"]
[PlyCount "54"]
[EventDate "2002.09.23"]
[EventType "tourn"]
[EventRounds "9"]
[EventCountry "CAN"]

1. d4 Nf6 2. Nf3 c5 3. d5 g6 4. Nc3 b5 5. Nxb5 Qa5+ 6. Nc3 Bb7 7. Bd2 Qd8 8. e4
e6 9. Bg5 h6 10. Bh4 g5 11. Bg3 exd5 12. exd5 Qe7+ 13. Be2 Ne4 14. Nxe4 Qxe4
15. c4 Bg7 16. O-O O-O 17. Bd6 Ba6 18. Bd3 Qg4 19. h3 Qh5 20. Bxf8 Kxf8 21. Qe2
d6 22. Rfe1 Bf6 23. Qe8+ Kg7 24. Nh2 Bb7 25. Ng4 Nc6 26. Nxf6 Kxf6 27. Qd7 Qe2
1-0

[Event "Anderson mem."]
[Site "Toronto CAN"]
[Date "2002.11.04"]
[Round "6"]
[White "Lucki, Arnie"]
[Black "Veltmann, Martin"]
[Result "0-1"]
[WhiteElo "1916"]
[BlackElo "2083"]
[PlyCount "46"]
[EventDate "2002.09.23"]
[EventType "tourn"]
[EventRounds "9"]
[EventCountry "CAN"]

1. e4 c5 2. Nc3 Nc6 3. g3 g6 4. Bg2 Bg7 5. Nge2 d6 6. O-O e6 7. f4 Nge7 8. d3
O-O 9. Rb1 Rb8 10. Be3 Nd4 11. b4 Nxe2+ 12. Nxe2 cxb4 13. Rxb4 Nc6 14. Rb5 Bd7
15. Qb1 b6 16. d4 Qc7 17. f5 Rfc8 18. e5 dxe5 19. f6 Bf8 20. Bxc6 Qxc6 21. Rb2
Qe4 22. Qc1 Ba3 23. Bh6 Bxb2 0-1

[Event "Anderson mem."]
[Site "Toronto CAN"]
[Date "2002.11.04"]
[Round "6"]
[White "Manalo, Pepin"]
[Black "Takov, Chris"]
[Result "0-1"]
[WhiteElo "1870"]
[BlackElo "1863"]
[PlyCount "98"]
[EventDate "2002.09.23"]
[EventType "tourn"]
[EventRounds "9"]
[EventCountry "CAN"]

1. e4 g6 2. f4 Bg7 3. Nf3 d5 4. e5 h5 5. d4 Nh6 6. Be3 Bg4 7. h3 Nf5 8. Bf2
Bxf3 9. Qxf3 e6 10. Nd2 c6 11. O-O-O b5 12. Be2 h4 13. Nb3 a5 14. Bd3 Bf8 15.
Bxf5 gxf5 16. g4 hxg3 17. Qxg3 Nd7 18. h4 a4 19. Nc5 b4 20. Nxe6 fxe6 21. Qg6+
Ke7 22. h5 Nxe5 23. Bh4+ Kd7 24. dxe5 Qe8 25. Bf6 Rh6 26. Qg5 Qf7 27. Rdg1 Qh7
28. Qh4 Be7 29. Rg6 Bxf6 30. Qxf6 Rxg6 31. Qxg6 Qxg6 32. hxg6 Rg8 33. Rg1 Ke7
34. Kd2 Kf8 35. Ke3 c5 36. a3 bxa3 37. bxa3 Kg7 38. Kd3 Rh8 39. Rg3 Rh4 40. Ke3
Rh2 41. Kd3 Rf2 42. c4 Ra2 43. Rg1 Rxa3+ 44. Ke2 d4 45. Rb1 Rb3 46. Ra1 a3 47.
Kd2 Rh3 48. Kc2 Kxg6 49. Rg1+ Kf7 0-1

[Event "Anderson mem."]
[Site "Toronto CAN"]
[Date "2002.11.04"]
[Round "6"]
[White "Shah, Omar"]
[Black "Chuprys, Viktar"]
[Result "1-0"]
[WhiteElo "1989"]
[BlackElo "1878"]
[PlyCount "69"]
[EventDate "2002.09.23"]
[EventType "tourn"]
[EventRounds "9"]
[EventCountry "CAN"]

1. e4 e5 2. Nf3 Nc6 3. d4 exd4 4. Nxd4 Bc5 5. Be3 Qf6 6. c3 Nge7 7. Bc4 Ne5 8.
Bb3 Qg6 9. O-O Qxe4 10. Nd2 Qh4 11. N4f3 Nxf3+ 12. Qxf3 Bd6 13. Qxf7+ Kd8 14.
Nf3 Qf6 15. Qc4 h6 16. Bd4 Qg6 17. Be5 Rf8 18. Bxd6 Qxd6 19. Rad1 Qc6 20. Qd3
Qg6 21. Qe2 Nc6 22. Bc2 Qh5 23. Be4 d6 24. Rfe1 Re8 25. Qc2 Ne5 26. Nxe5 Qxe5
27. Re3 Qf6 28. Rde1 c6 29. c4 Kc7 30. b4 Bd7 31. b5 c5 32. Qd2 Rad8 33. Qa5+
Kb8 34. Ra3 Kc8 35. Bxb7+ 1-0

[Event "Anderson mem."]
[Site "Toronto CAN"]
[Date "2002.11.04"]
[Round "6"]
[White "Sherman, Robert"]
[Black "Benson, Chris"]
[Result "1-0"]
[WhiteElo "1922"]
[BlackElo "2054"]
[PlyCount "69"]
[EventDate "2002.09.23"]
[EventType "tourn"]
[EventRounds "9"]
[EventCountry "CAN"]

1. e4 e6 2. d4 d5 3. Nc3 Nf6 4. Bg5 Be7 5. e5 Nfd7 6. h4 c5 7. Nb5 cxd4 8. Nd6+
Kf8 9. Qh5 Nxe5 10. Bxe7+ Kxe7 11. Nxc8+ Qxc8 12. Qxe5 Qxc2 13. Qxd4 Nc6 14.
Qxg7 Qe4+ 15. Ne2 Nb4 16. Qg5+ Kd7 17. f3 Qd3 18. Rc1 Rac8 19. Nc3 Nc2+ 20. Kf2
Qd4+ 21. Ke2 Rhg8 22. Qh5 Qe3+ 23. Kd1 Nd4 24. Qxf7+ Kd6 25. Qxh7 a6 26. Qxb7
Rb8 27. Qxa6+ Ke5 28. Qd3 Qf4 29. Ne2 Nxe2 30. Qxe2+ Kf6 31. Qd2 Qd6 32. Bd3
Qg3 33. Qh6+ Ke5 34. Re1+ Kd4 35. Qe3# 1-0

[Event "Anderson mem."]
[Site "Toronto CAN"]
[Date "2002.11.18"]
[Round "7"]
[White "Benson, Chris"]
[Black "Veltmann, Martin"]
[Result "1-0"]
[WhiteElo "2054"]
[BlackElo "2083"]
[PlyCount "111"]
[EventDate "2002.09.23"]
[EventType "tourn"]
[EventRounds "9"]
[EventCountry "CAN"]

1. e4 c5 2. c3 e6 3. d4 d5 4. exd5 exd5 5. Nf3 Nc6 6. Bb5 Be6 7. O-O Bd6 8.
dxc5 Bxc5 9. Nbd2 Nge7 10. Nb3 Bb6 11. Re1 O-O 12. Be3 h6 13. Qd2 a6 14. Bd3
Bxe3 15. Rxe3 Qd6 16. Rae1 Rad8 17. Nbd4 Bg4 18. Bc2 Bh5 19. Ne5 Nxd4 20. Qxd4
Nc6 21. Qd3 f5 22. Nxc6 Qxc6 23. Re7 Rf6 24. Qd4 Bf7 25. Qe5 d4 26. Bb3 Bxb3
27. axb3 dxc3 28. bxc3 Rg6 29. g3 f4 30. Qxf4 Rf8 31. Qc4+ Qxc4 32. bxc4 Rf7
33. Kf1 Rc6 34. Rxf7 Kxf7 35. Re4 a5 36. Ke2 a4 37. Kd3 a3 38. Re2 Ra6 39. Ra2
Ke6 40. Kc2 Kd6 41. Kb3 Rb6+ 42. Kxa3 Kc5 43. Rb2 Ra6+ 44. Kb3 b6 45. f4 Ra7
46. Re2 Rf7 47. Re5+ Kc6 48. Kb4 Rd7 49. Re6+ Kc7 50. Kb5 Rd3 51. Re7+ Kd6 52.
Rxg7 Rxc3 53. Rg6+ Kc7 54. Rxh6 Rb3+ 55. Ka4 Rb2 56. g4 1-0

[Event "Anderson mem."]
[Site "Toronto CAN"]
[Date "2002.11.20"]
[Round "7"]
[White "Blakely, Matt"]
[Black "Lucki, Arnie"]
[Result "1/2-1/2"]
[WhiteElo "2002"]
[BlackElo "1916"]
[PlyCount "88"]
[EventDate "2002.09.23"]
[EventType "tourn"]
[EventRounds "9"]
[EventCountry "CAN"]

1. d4 Nf6 2. Nf3 g6 3. c4 Bg7 4. Nc3 O-O 5. g3 d6 6. Bg2 Nbd7 7. O-O e5 8. e4
c6 9. h3 Re8 10. Re1 Qb6 11. Rb1 exd4 12. Qxd4 Qxd4 13. Nxd4 Ne5 14. b3 Nd3 15.
Rd1 Nxc1 16. Rbxc1 Re7 17. Nde2 Ne8 18. Rd3 f5 19. Rcd1 fxe4 20. Nxe4 Bxh3 21.
Bxh3 Rxe4 22. Nf4 Re7 23. b4 Re4 24. Ng2 Rd8 25. Ne3 h5 26. Bg2 Re7 27. b5 Rc8
28. Ra3 cxb5 29. cxb5 Rc5 30. Rxa7 Rxb5 31. Nd5 Re5 32. Nf4 Kh7 33. Bxb7 Re7
34. Bc6 Rxa7 35. Bxb5 Nf6 36. Rxd6 Rxa2 37. Bd3 Ng4 38. Bxg6+ Kg8 39. Rd8+ Bf8
40. Ne6 Rxf2 41. Bxh5 Rf3 42. Rxf8+ Rxf8 43. Nxf8 Nf6 44. Bf3 Kxf8 1/2-1/2

[Event "Anderson mem."]
[Site "Toronto CAN"]
[Date "2002.11.18"]
[Round "7"]
[White "Chuprys, Viktar"]
[Black "Manalo, Pepin"]
[Result "0-1"]
[WhiteElo "1878"]
[BlackElo "1836"]
[PlyCount "64"]
[EventDate "2002.09.23"]
[EventType "tourn"]
[EventRounds "9"]
[EventCountry "CAN"]

1. e4 d6 2. d4 Nf6 3. Bd3 e5 4. d5 Nbd7 5. Be3 Be7 6. b4 O-O 7. f3 c6 8. c4 a5
9. b5 c5 10. Ne2 Nh5 11. O-O Bg5 12. f4 exf4 13. Nxf4 Nxf4 14. Bxf4 Qf6 15.
Bxg5 Qxa1 16. Be7 Ne5 17. Bc2 Bg4 18. Qd2 Nxc4 19. Qg5 Qd4+ 20. Kh1 Qe5 21.
Qxe5 dxe5 22. Bb3 Be2 23. Re1 Bd3 24. Bxf8 Kxf8 25. a4 Bxb1 26. Bxc4 Bc2 27. d6
Rd8 28. Kg1 Rxd6 29. Bd5 b6 30. Ra1 f5 31. Rf1 Ke7 32. Rxf5 Rxd5 0-1